Forest policy: : International case study

Bibliographic Details
Other Authors: Arthur, Louise, Van Kooten, G.C, Vertinsky, Ilan, Wilson, Bill
Format: Book
Published: Wallingford : CABI Publishing , 1999
Subjects:

MARC

LEADER 00000cam a2200000 7i4500
001 0000003856
005 20110801.0
020 0 0 |a 0851993095 
090 0 0 |a 333.75   |b BILL 1999 
245 1 0 |a Forest policy: :   |b International case study   |c edited by Bill Wilson...[et al.]. 
260 0 0 |a Wallingford :   |b CABI Publishing ,   |c 1999 
300 |a x, 273 p. :   |b ill ;   |c 24 cm. 
504 0 0 |a Includes bibliographical references and index 
650 0 0 |a Forest policy---case studies 
700 0 1 |a Arthur, Louise 
700 0 1 |a Van Kooten, G.C 
700 0 1 |a Vertinsky, Ilan 
700 0 1 |a Wilson, Bill 
998 |a JPSM 
999 |a 007376   |b Monograph   |c Open Shelf   |e Default branch